000 00520nam a2200181 i 4500
001 52511
003 ES-MaACL
005 20230906162609.0
007 t|
008 030829s1970 sp ||||1| spa d
100 1 _aDavies, I. J. T.
_942914
245 1 0 _aMedicina para postgraduados /
_cpor I.J.T. Davies ; versión E. Martínez Alba.
250 _a1ª ed.
260 _aBarcelona :
_bToray,
_c[1970]
300 _aX, 484 p. ;
_c22 cm.
700 1 _aMartínez Alba, E.
_977827
852 _aES-MaACL
_jC-38317
_bR.76227
999 _c52511
_d52511